000 00499nam a2200181Ia 4500
005 20250508151833.0
008 008 250505s9999 xx 000 0 eng d
037 _aTextual
040 _aFEDL
_beng
_cFEDL
041 _aeng
_2eng
084 _aF, ELI
_qFEDL
100 _aEliot George
245 0 _aSilas marner: The lifted veil: Brother Jacob
260 _aLondon, UK
_bOxford University Press
_c1950
300 _axix,378p
942 _cTEXL
_hF, ELI
999 _c1332420
_d1332420